000 01134nas a22002291i#4500
001 306
003 ES-MaACL
005 20250812062547.0
007 t|
008 950801d18311904fr | | 1 ||re d
080 _a7
245 0 2 _aL'artiste
_b: journal de la littérature et des beaux-arts.
260 _aParis :
_bBureau de l'Artiste,
_c1831-1904 (
_fAdolphe Everat et Cie)
300 _a40 v. :
_bil. ;
_c32 cm.
310 _aMensual
321 _aSemanal,
_b[18--]-1860
362 1 _a1re série, t. 1 (1831)-t. 15 (1838) ; 2e série, t. 1 (1839)-t. 8 (1841) ; 3e série, t. 1 (1842)-t. 5 (1844) ; 4e série, t. 1 (1844)-t. 11 (1848) ; 5e série, t. 1 (1848)-t. 16 (1856) ; 6e série, t. 1 (1856)-t. 3 (1857) ; 7e série, t. 1 (1857)-t. 12 (1861) ; 32e année (1862)-60e année (1890) ; nouvelle série, t. 1 (1891)-t. 14 (1897) = 61e année-67e année ; nouvelle série, t. 1 (1898)-t. 4 (1904) = 68e année-74e année.
650 1 7 _aArte
_2embne
_910068
852 _aES-MaACL
_jZ-18
_xOlim: Hem-167
866 0 _o(1836-1860), (1862), (1864) 1865 (1866-67) 1868-69 (1870-72), 1874-83, (1884).
999 _c306
_d306